00461nam a2200145Ia 4500008004100000020001800041041000800059082001800067100002300085245009700108250000600205260006200211300000800273650003400281210716s2019 xx 000 0 und d a9789352139279 aeng a005.1372 ROSG aRossum, Guido Van. aIntroduction to python python tutorial: for python version 3.8.0.bFor python version 3.8.0. a1 aMumbaibShroff Publishers and Distributors Pvt Ltdc2019 a141 aProgramming Languages(005.13)